Cliquez sur la Langue - Bonjour - Statistiques

Statistiques générales
  • Ce quiz a été pris 2 182 fois
    1 492 depuis la dernière actualisation
  • Le résultat moyen est 12 sur 18
Statistiques - réponses
Hint Réponse % Correct
Hello Anglais
94%
Bonjour Français
94%
Hola Espagnol
92%
Hallo Allemand
86%
Ciao Italien
85%
مرحبًا Arabe
83%
Здравствуйте Russe
74%
안녕하세요 Coréen
73%
你好 Chinois
68%
שלום Hébreu
67%
こんにちは Japonais
62%
Olá Portugais
61%
Γεια σας Grec
60%
नमस्ते Hindi
60%
Merhaba Turc
51%
Salve Latin
42%
Witam Polonais
38%
Привіт. Ukrainien
38%
Aucun quiz correspondant
Distribution des résultats
% des personnes avec chaque résultat
Percentile par nombre de réponses
Votre historique - résultats
Vous n’avez pas pris ce quiz depuis la dernière actualisation